000 01641nam0a2200385 4500
001 RU\NLR\BIBL_A\011431050
005 20260406145546.0
010 _a978-5-17-104326-1
_93000
021 _aRU
_b2017-44115
_93195
035 _a(RuMoRGB)008913581
035 _a(NLR Aleph) 011431050
090 _a11652993
_c11652993
100 _a20170704d2017 |||y0rusy50 ca
101 0 _aeng
_arus
102 _aRU
105 _ay|||zzzz000zy
200 1 _aНочь нежна
_dTender is the night
_e[словарь, комментарий]
_fФрэнсис Скотт Фицджеральд
_gадаптация текста, комментарии и словарь: Н. И. Кролик
_zeng
210 _aМосква
_cАСТ
_cLingua
_d2017
215 _a125, [2] с.
_d20
225 1 _aЛегко читаем по-английски
_e4 уровень
300 _aАвт. также на англ. яз.: Francis Scott Fitzgerald
300 _aТекст на рус. и англ. яз.
333 _a16+
510 1 _6z22790
_aTender is the night
_zeng
606 1 _aАнглийский язык
_jКниги для чтения
_9972309
_3RU\NLR\AUTH\6646032
686 _aШ143.21-947
_2rubbk
686 1 _aШ143.21-93рус91
700 1 _8rus
_7ca
_aФицджеральд
_bФ. С.
_f1896-1940
_gФрэнсис Скотт
_3RU\NLR\AUTH\774722
_9114699
702 1 _aКролик
_bН. И.
_gНаталья Иосифовна
_4010
790 1 _8eng
_7ba
_aFitzgerald
_bF. S.
_f1896-1940
_gFrancis Scott
_3RU\NLR\AUTH\774723
_9114700
942 _cBOOK
980 _aNBR
980 _aNB